Statistiques concernant Provinces du Canada - Carte Quiz

Cliquez ici pour prendre le quiz!

Statistiques générales

  • Ce quiz a été pris 49 787 fois
  • Le résultat moyen est 8 sur 13

Réponses sur la Carte

Les réponses sont colorées sur une échelle allant du rouge au vert en fonction du pourcentage des utilisateurs qui les ont devinées à leur premier essai. Vous pouvez retrouver ces pourcentages ci-dessous.
Chargement ...
 

Statistiques - réponses

Réponse% Correct
Québec
88%
Ontario
81%
Colombie-Britannique
73%
Île-du-Prince-Édouard
73%
Territoires du Nord-Ouest
64%
Terre-Neuve-et-Labrador
62%
Alberta
61%
Manitoba
61%
Nunavut
59%
Nouveau-Brunswick
57%
Saskatchewan
52%
Nouvelle-Écosse
50%
Yukon
46%

Distribution des résultats

Percentile par nombre de réponses

% des personnes avec chaque résultat

Votre développement - résultats

Vous n’avez pas pris ce quiz